| 000 | 00475nam a2200181Ia 4500 | ||
|---|---|---|---|
| 003 | OSt | ||
| 005 | 20251220105453.0 | ||
| 008 | 210210b1966 xxu||||| |||| 00| 0 eng d | ||
| 040 | _cAL | ||
| 041 | _akan | ||
| 082 | _a859/2226 | ||
| 100 |
_aSULOCHANA (M S) _9158628 _dಸುಲೋಚನ (ಎಂ ಎಸ್) |
||
| 245 |
_aJayanti: _bಜಯಂತಿ |
||
| 260 |
_aMaisuru _bSharada Mandira _c1966 |
||
| 690 |
_aKannada Fiction _9158629 |
||
| 906 | _a022939 | ||
| 942 |
_2ddc _cBK |
||
| 999 |
_c147762 _d147762 |
||